| 000 | 00597nam a2200217Ia 4500 | ||
|---|---|---|---|
| 005 | 20250508151222.0 | ||
| 008 | 008 250505s9999 xx 000 0 eng d | ||
| 037 | _aTextual | ||
| 040 |
_aFEDL _beng _cFEDL |
||
| 041 |
_aeng _2eng |
||
| 084 |
_a025.3, SHE _qFEDL |
||
| 100 |
_aSherrie Heather _9758662 |
||
| 245 | 0 | _aShort list of subject headings | |
| 260 |
_aSydeny _bAngus and Robertson _c1950 |
||
| 300 | _a167p. | ||
| 365 |
_aINR _b23 |
||
| 650 | _aLibrary Science | ||
| 700 |
_a Jones Phyllis Mander _9758663 |
||
| 942 |
_cTEXL _h025.3, SHE |
||
| 999 |
_c1328278 _d1328278 |
||